| 000 | 00427 a2200169 4500 | ||
|---|---|---|---|
| 020 | _a007150205X | ||
| 024 | _a0071440992 | ||
| 082 | _a332.632044 | ||
| 090 |
_c6888 _d6888 |
||
| 100 | _aFabozzi,Frank J. | ||
| 245 |
_aThe Handbook of Fixed Income Securities. _cFrank J.Fabozzi |
||
| 250 | _a7th. | ||
| 260 |
_aNew York _bMcGraw-Hill _c2005 |
||
| 300 | _a1495p. | ||
| 500 | _aHard cover | ||
| 942 |
_aNBS _cBK _k332.632044 FAB |
||
| 999 |
_c349227 _d349227 |
||